000 01380nam0a22002531 4500
001 rc\2379696
005 20260407021957.0
035 _a(NLR Aleph) 006516162
090 _a6381268
_c6381268
100 _a20110829d1979 |||y0rusy50 ca
101 0 _arus
102 _aRU
105 _ay z |||||
200 1 _aРекомендации по использованию выработанных торфяников для выращивания многолетних трав при орошении сточными водами в условиях Московской области
_fВсесоюз. науч.-произв. об-ние по с.-х. использ. сточ. вод "Прогресс"
210 _aМосква
_cВНИИССВ
_d1979
215 _a22 с.
_d20
606 _aТорфяные карьеры
_xИспользование сельскохозяйственное
_yМоск. обл.
_2psbo
606 _aКормовые травы, многолетние
_xВозделывание на торфяных почвах
_yМоск. обл.
_2psbo
712 0 2 _a"Прогресс", всесоюзное науч.-произв. об-ние по с.-х. использованию сточных вод
_3RU\NLR\AUTH\8810007012
_9511557
801 0 _aRU
_bNLR
_gpsbo
801 1 _aRU
_bELAR
_2rusmarc
852 _aNLR
_j79-4/26312
942 _cBOOK
980 _aNB